Sports Quiz

Random Sports or NBA Quiz

Chicago Bulls All-Time Leaders Quiz Stats

 Plays Quiz Updated May 17, 2018

Challenge
Share
Tweet
Embed
Score 0/50 Timer 06:00
6 Plays Today
Category Player % Correct
PointsMichael Jordan
99.9%
ReboundsMichael Jordan
99.9%
AssistsMichael Jordan
99.8%
StealsMichael Jordan
99.8%
BlocksMichael Jordan
99.8%
PointsScottie Pippen
97.6%
ReboundsScottie Pippen
97.5%
AssistsScottie Pippen
97.5%
BlocksScottie Pippen
97.5%
StealsScottie Pippen
97.5%
BlocksJoakim Noah
68.2%
ReboundsJoakim Noah
67.9%
ReboundsHorace Grant
64.2%
StealsHorace Grant
64.2%
BlocksHorace Grant
64.2%
PointsDerrick Rose
62.9%
AssistsReggie Theus
59.5%
StealsJoakim Noah
55.1%
AssistsToni Kukoc
52.7%
StealsToni Kukoc
52.7%
PointsLuol Deng
51.7%
StealsLuol Deng
49.7%
BlocksLuol Deng
49.7%
ReboundsLuol Deng
48.8%
StealsJimmy Butler
46.7%
Category Player % Correct
PointsKirk Hinrich
44.5%
AssistsKirk Hinrich
44.5%
StealsKirk Hinrich
44.5%
AssistsDerrick Rose
42.6%
AssistsJohn Paxson
41%
PointsArtis Gilmore
33.9%
ReboundsArtis Gilmore
33.9%
BlocksArtis Gilmore
33.9%
PointsBob Love
33.3%
ReboundsBob Love
33.3%
PointsJerry Sloan
27.7%
ReboundsJerry Sloan
27.7%
BlocksTyson Chandler
23.3%
BlocksTaj Gibson
23%
PointsReggie Theus
16.9%
StealsReggie Theus
16.9%
AssistsNorm Van Lier
16.9%
StealsNorm Van Lier
16.9%
PointsChet Walker
13.5%
ReboundsTom Boerwinkle
9%
AssistsTom Boerwinkle
9%
BlocksDave Corzine
7.4%
ReboundsDave Greenwood
4.8%
BlocksDave Greenwood
4.8%
AssistsBob Weiss
3.4%

You're not logged in!

Compare scores with friends on all Sporcle quizzes.
Join for Free
OR
Log In

You Might Also Like...

Show Comments

Extras

Top Quizzes Today


Score Distribution

Your Account Isn't Verified!

In order to create a playlist on Sporcle, you need to verify the email address you used during registration. Go to your Sporcle Settings to finish the process.

Report this User

Report this user for behavior that violates our Community Guidelines.

Details: